000 00622nam a22002537a 4500
003 UA-OsUOA
001 28410
007 ta
008 20050322b un ||||| |||| 00| 0 ukr d
100 _aЗазыкина Е. В.
090 _a659.4:32
_bЗ-16
942 _cBK
040 _aUA-OsUOA
_brus
_cUA-OsUOA
_dUA-OsUOA
245 _aПолитический PR: символы
300 _a125 с.
_bІлюстрації
955 _a0
041 _arus
080 _a659.4:32
020 _a5-9587-0001-4
260 _aМ.
_bЮрИнфорР-Пресс
_c2003
044 _aRU
650 7 _2UDC
999 _c314777
_d314777